La ética de la autenticidad / (Record no. 53978)

MARC details
000 -LEADER
fixed length control field 00803nam a22002417a 4500
008 - FIXED-LENGTH DATA ELEMENTS--GENERAL INFORMATION
fixed length control field 110413t sp||||| |||| 00| 0 spa d
020 ## - INTERNATIONAL STANDARD BOOK NUMBER
International Standard Book Number 8475099932
050 04 - LIBRARY OF CONGRESS CALL NUMBER
Classification number BD450
Item number T39 1994
100 1# - MAIN ENTRY--PERSONAL NAME
Personal name Taylor, Charles
245 13 - TITLE STATEMENT
Title La ética de la autenticidad /
Statement of responsibility, etc Charles Taylor ; Introducción de Carlos Thiebaut
250 ## - EDITION STATEMENT
Edition statement 1a ed.
260 ## - PUBLICATION, DISTRIBUTION, ETC. (IMPRINT)
Place of publication, distribution, etc Barcelona :
Name of publisher, distributor, etc Paidós,
Date of publication, distribution, etc 1994
300 ## - PHYSICAL DESCRIPTION
Extent 146 p. ;
Dimensions 20 cm.
490 #0 - SERIES STATEMENT
Series statement Pensamiento contemporáneo ; v.
Volume number/sequential designation 30
500 ## - GENERAL NOTE
General note Traducción de : The malaise of modernity
500 ## - GENERAL NOTE
General note Traducción del ingles al español
650 #7 - SUBJECT ADDED ENTRY--TOPICAL TERM
Source of heading or term lemb.
Topical term or geographic name as entry element Civilización moderna
General subdivision Aspectos filosoficos
650 #7 - SUBJECT ADDED ENTRY--TOPICAL TERM
Topical term or geographic name as entry element Etica
650 #7 - SUBJECT ADDED ENTRY--TOPICAL TERM
Topical term or geographic name as entry element Valores sociales
General subdivision Historia
700 1# - ADDED ENTRY--PERSONAL NAME
Personal name Thiebeaut, Carlos
Fuller form of name int.
700 1# - ADDED ENTRY--PERSONAL NAME
Personal name Carbajosa Pérez, Pablo
Fuller form of name tr.
942 ## - ADDED ENTRY ELEMENTS (KOHA)
Source of classification or shelving scheme Clasificación Decimal Dewey
Koha item type Libro
Holdings
Estado de pérdida Fuente de clasificación Estado del daño No para préstamo Ubicación permanente Ubicación actual Apartado o colección Fecha de adquisición Edición Área del conocimiento Clasificación Código de Barras Date last seen Número de copia Tipo de recurso Fuente de adquisición
  Biblioteca del Cogreso de los Estados Unidos     Biblioteca de la Facultad de Filosofía Biblioteca de la Facultad de Filosofía General 06/06/2014 1   BD450 T39 1994 BFF000006649 06/06/2014 C:1 Libro  
  Biblioteca del Cogreso de los Estados Unidos     Biblioteca de la Facultad de Filosofía Biblioteca de la Facultad de Filosofía General 06/06/2014     BD450 T39 1994 BFF000006650 06/06/2014 C:2 Libro  
  Biblioteca del Cogreso de los Estados Unidos     Biblioteca de la Facultad de Filosofía Biblioteca de la Facultad de Filosofía General 06/06/2014     BD450 T39 1994 BFF000006651 06/06/2014 C:3 Libro  
  Biblioteca del Cogreso de los Estados Unidos     Biblioteca de la Facultad de Filosofía Biblioteca de la Facultad de Filosofía General 06/06/2014     BD450 T39 1994 BFF000006652 06/06/2014 C:4 Libro  
  Biblioteca del Cogreso de los Estados Unidos     Biblioteca de la Facultad de Filosofía Biblioteca de la Facultad de Filosofía General 03/07/2014     BD450 T39 1994 BFF000007281 16/01/2015 C:5 Libro